000
00260nam a22001217a 4500
008
190129b xxu||||| |||| 00| 0 eng d
041
_a
eng
080
_a
531
100
_a
43
101
_a
FIZ
245
_a
The Joy of Physics
_c
Wiggins, A.W
942
_2
udc
_c
BK
999
_c
53894
_d
53894